Statistiques concernant Littérature commençant par la lettre U

Cliquez ici pour prendre le quiz!

Statistiques générales

  • Ce quiz a été pris 638 fois
  • Le résultat moyen est 11 sur 20

Statistiques - réponses

IndicesRéponses% Correct
Père de Télémaque et mari de PénélopeUlysse
98%
Région fictive dans laquelle se déroule l'arc Noir et Blanc des mangas Pokémon (et jeux également)Unys
83%
Complétez cette célèbre citation: "Prolétaires de tous pays, _______-vous!"Unissez
82%
Représentation idéale du monde, dont Thomas More est à l'origineUtopie
81%
Créateur, avec Goscinny, des deux Gaulois les plus célèbres de la bande-dessinéeAlbert Uderzo
78%
Pays de naissance de l'écrivain français Jules SupervielleUruguay
77%
Etat américain dans lequel se déroule Le Cherokee, lauréat du grand prix du roman policier de 2019Utah
77%
Méchante de Disney inspirée de la sorcière des mers de AndersenUrsula
75%
Pays d’origine du célèbre homme de lettres GogolUkraine
74%
Ouranos chez les RomainsUranus
74%
Ancien pays dans lequel se déroule la première aventure de TintinURSS
59%
Super vilain robotique contre lequel se battent souvent les AvengersUltron
40%
Prénom de la libellule chez les Drôles de petites bêtes d'Antoon KringsUrsule
36%
Prénom du père du roi Arthur (Pendragon de patronyme)Uther
36%
Nom anglais de Dolores Ombrage, dans la saga Harry PotterUmbridge
33%
Marchand itinérant dans Obélix et compagnie, son nom s'inspire d'une ancienne chaîne de magasins (aujourd'hui fusionnée avec Monoprix)Uniprix
26%
Patronyme du célèbre personnage de mangas NarutoUzumaki
23%
Ecrivain français, prénommé Honoré, auteur du tout premier roman-fleuveHonoré d'{Urfé}
19%
Infante de Castille secrètement amoureuse de Rodrigue, dans Le CidDoña {Urraque}
5%
Vala de l'univers de Tolkien associé au monde aquatiqueUlmo
3%

Distribution des résultats

Percentile par nombre de réponses

% des personnes avec chaque résultat

Votre développement - résultats

Vous n’avez pas pris ce quiz